=LDR 00000nam 2200000 4500 =001 INLIS000000000040722 =005 20130612150301 =008 ***********************************ind** =035 ##$$0010-061300000040722 =041 ##$$a ind =082 ##$$a 639.31 =090 ##$$a 639.31 , Ari ,p =100 ##$$a ARIE, Usni =245 ##$$a Panen bawal 40 hari , Usni Arie =260 ##$$a 2011 $b Jakarta =300 ##$$a 80 hlm. , Illus , 23 cm =650 ##$$a IAKN BAWAL - BUDIDAYA =850 ##$$a NBPNMAT